000 00780nam a2200253Ia 4500
003 OSt
005 20220927111047.0
006 a|||||r|||| 00| 0
007 ta
008 220926b |||||||| |||| 00| 0 eng d
024 _a78489
037 _cReports
040 _aRTL
_cRTL
_beng
041 _2eng
_aeng
082 _a"X9:99T(D).2.N5, J7/GD"
110 _a"India, Government Of .... Planning Commission"
_9353515
245 0 _aPreliminary study of the pattern of engineering employment in manufacturing
260 _aDelhi
_c1940
300 _a22p.
_ccm.
650 _aIndustrial Economy
700 _a"India, Government Of .... Planning Commission"
_9353517
942 _h"X9:99T(D).2.N5, J7/GD"
_cCC
999 _c698531
_d698531